000 00227nam a2200085Ia 4500
245 0 _aSpud - learning to fly
100 _a VAN DE RUIT, John Johannesburg, 2009
942 _cBK
008 210825s9999 xx 000 0 und d
999 _c570137
_d570135